000 00290nam a22001097a 4500
999 _c13913
_d13913
082 _a410
100 _aZoltan Dornyei
245 _aResearch Methods in Applied Linguistics: Quantitative, Qualitative, and Mixed Methodologies
260 _aLondon
_bOxford
300 _a322 pages
942 _cBK